Implementación : cómo transformar las iniciativas estratégicas en resultados arrasadores /

Contenido: 1. Implementación de estrategias: la responsabilidad que construye o destruye a los ejecutivos; 2. Exploración del programa de las iniciativas; 3. Cómo evitar la sobrecarga de iniciativas; 4. Estructuración para el éxito estratégico; 5. Creación de una cultura de "sí se puede"; 6. Integra...

Popoln opis

Shranjeno v:
Bibliografske podrobnosti
Glavni avtor: Brache, Alan P. (autor)
Drugi avtorji: Bodley-Scott, Sam
Format: Knjiga
Jezik:španščina
Izdano: México : McGraw-Hill, 2006, c2006
Teme:
Oznake: Označite
Brez oznak, prvi označite!

MARC

LEADER 00000nam^a2200000^a^4500
001 000296666
005 20250521000000.0
009 20260310112315.592
020 |a 978-970-10-5890-9 
037 |a Acervo ITESO - Biblioteca 
041 |a ESP 
082 |a 658. 4063  |b BRA 
100 |a Brache, Alan P.  |e (autor) 
245 1 0 |a Implementación :  |b cómo transformar las iniciativas estratégicas en resultados arrasadores /  |c A.P. Brache, S. Bodley-Scott ; pról. de Cy Taylor ; tr. por Angel Carlos González Ruiz. 
264 4 |a México :  |b McGraw-Hill,  |c 2006, c2006 
300 |a XII, 195 p. 
336 |a texto  |b txt  |2 rdacontenido 
337 |a sin mediación  |b n  |2 rdamedio 
338 |a volumen  |b nc  |2 rdasoporte 
500 |a Traducción de: Implementation 
520 |a Contenido: 1. Implementación de estrategias: la responsabilidad que construye o destruye a los ejecutivos; 2. Exploración del programa de las iniciativas; 3. Cómo evitar la sobrecarga de iniciativas; 4. Estructuración para el éxito estratégico; 5. Creación de una cultura de "sí se puede"; 6. Integración de equipos de proyecto; 7. Uso de un proceso común para administrar iniciativas; 8. Monitoreo de las iniciativas; 9. Implementación de estrategias de clase mundial; Apéndices: A. Un proceso de administración de iniciativas; B. Diagnóstico de su ejecución de iniciativas. 
649 |a XX 
650 |a Empresas -  |x Administración 
650 |a Cambio Organizacional 
650 |a Desarrollo Organizacional -  |x Tema Principal 
650 |a Administración de Proyectos 
650 |a Planeación Estratégica -  |x Tema Principal 
650 |a Exito Administrativo 
650 |a Proceso Administrativo -  |x Dirección 
650 |a Administración 
650 |a Ciencias Administrativas 
700 |a Bodley-Scott, Sam 
910 |a Fondo General 
920 |a Impresos - Libros 
930 |a Colección General 
905 |a 101 
901 |a 0500182019  |b IT1  |c ACC  |i C120166  |u 20250521 
902 |a https://opac.biblio.iteso.mx/vufind/Record/000296666